000 00826nam a2200265 a 4500
001 630922
003 IVS
005 20250626031036.0
008 921023s1992 bg a 000 0 eng
010 _a 92906628
020 _cTk750.00 ($19.00 U.S.)
025 _aB-E-7307
040 _aDLC
_cDLC
_dDLC
043 _aa-bg---
050 0 0 _aDS396.9.D3
_bH675 1992
082 0 0 _a954.922 HOS
_220
_b21327
100 1 _aHossain, Anwar,
_d1948-
245 1 0 _aDhaka portrait, 1967-1992 :
_bimages, concept, photographs, designs & layout /
_cby Anwar Hossain.
250 _aLimited 1st ed.
260 _aDhaka :
_bAB Publishers,
_c1992.
300 _a144 p. :
_ball ill. (some col.) ;
_c23 x 30 cm.
651 0 _aDhaka (Bangladesh)
_xPictorial works.
906 _a7
_bcbc
_corignew
_d3
_encip
_f19
_gy-gencatlg
942 _2ddc
_cBK
_n0
999 _c14983
_d14983